000 00273nam a2200121Ia 4500
005 20251222155140.0
008 251222s9999||||xx |||||||||||||| ||spa||
082 _aESC. 21
100 _aOMS.
245 0 _aManual Para Personal de Salud
264 _bOPS/OMS
942 _cLIB
999 _c39135
_d39135